Statistics for ABA Basketball Teams

Click here to take the quiz!

General Stats

  • This quiz has been taken 141 times
  • The average score is 11 of 31

Answer Stats

Years In ExistenceABA Team Name% Correct
1968-1976 (joined NBA)New York Nets
89%
1967-1976 (joined NBA)Indiana Pacers
88%
1973-1976 (joined NBA)San Antonio Spurs
87%
1974-1976 (joined NBA)Denver Nuggets
85%
1967-1976 (did not join NBA)Kentucky Colonels
63%
1970-1976 (folded)Virginia Squires
52%
1967-1974Denver Rockets
50%
1974-1976 (did not join NBA)Spirits of St. Louis
46%
1970-1975 (folded)Utah Stars
37%
1968-1970Los Angeles Stars
34%
1968-1970Miami Floridians
32%
1972-1975San Diego Conquistadors
30%
1970-1972 (folded)Floridians
29%
1972-1974Memphis Tams
29%
1969-1974Carolina Cougars
29%
1967-1969Houston Mavericks
27%
1967-1969Oakland Oaks
25%
1970-1972 (folded)Pittsburgh Condors
24%
1967-1968 | 1969-1970Pittsburgh Pipers
24%
1968-1969Minnesota Pipers
23%
1967-1973Dallas Chaparrals
21%
1967-1968New Jersey Americans
20%
1975 (folded)San Diego Sails
18%
1974-1975 (folded)Memphis Sounds
16%
1967-1970New Orleans Buccaneers
16%
1967-1968Minnesota Muskies
15%
1967-1968Anaheim Amigos
15%
1970-1972Memphis Pros
11%
1969-1970Washington Capitols
10%
1967Denver Larks
7%

Score Distribution

Percentile by Number Answered

Percent of People with Each Score

Your Score History

You have not taken this quiz